00978nam a22001697a 450000500170000000800410001702000180005805000270007624500200010324601160012325000120023926000490025130000190030050004170031965000360073665100360077220250319130934.0101108t mx ||||| |||| 00| 0 spa d a978607406555804aKGF1784.51996bA5 201400aAgenda laboral.34aAgenda laboral 2014b : ley federal del trabajo reglamentos, y otras disposiciones conexas en material laboral. a22a ed. aMéxico. :bEdiciones Fiscales ISEF, c2014 ap v. ;c17 cm. aEn la portada: "Esta edición contiene las disposiciones publicadas hasta la fecha de impresión de este producto" "Nota: con el objeto de facilitar el manejo de esta obra hemos diferenciado con negritas las últimas reformas publicadas en el D.O.F. y/o en la gaceta oficial, así como su referencia: (R) Reformado (A) Adicinado". "Los títulos que encabezan los artículos no forman parte del texto legal" 72lembaDerecho laboralzMéxico 72lembaMéxicoxLeyes y codigos